Fußballvereine aus NRW im Profibereich (gesamte Historie) - Statistiken

Allgemein
  • Dieses Quiz wurde 1.368 mal gespielt
    1.165 seit der letzten Aktualisierung
  • Das Durchschnittsergebnis liegt bei 19 aus 35
Antwortstatistiken
Höchste Spielklasse Verein % Korrekt
Bundesliga (aktuell) Borussia Dortmund
96%
Bundesliga (aktuell) 1. FC Köln
93%
Bundesliga (22/23) FC Schalke 04
93%
Bundesliga (aktuell) Borussia Mönchengladbach
91%
Bundesliga (aktuell) VfL Bochum
88%
Bundesliga (aktuell) Bayer 04 Leverkusen
87%
Bundesliga (19/20) Fortuna Düsseldorf
83%
Bundesliga (76/77) Rot-Weiss Essen
83%
Bundesliga (21/22) Arminia Bielefeld
78%
Bundesliga (07/08) MSV Duisburg
77%
Bundesliga (06/07) Alemannia Aachen
74%
Bundesliga (63/64) Preußen Münster
73%
Bundesliga (19/20) SC Paderborn 07
71%
Bundesliga (73/74) Fortuna Köln
70%
Bundesliga (72/73) Rot-Weiß Oberhausen
66%
2.Bundesliga (80/81) SC Viktoria Köln
63%
Bundesliga (93/94) SG Wattenscheid 09
60%
Bundesliga (74/75) Wuppertaler SV
59%
Bundesliga (95/96) Bayer Uerdingen (heute KFC Uerdingen)
58%
3.Liga (aktuell) SC Verl
47%
2.Bundesliga (76/77) Bonner SC
42%
2.Bundesliga (05/06) Sportfreunde Siegen
40%
2.Bundesliga (98/99) FC Gütersloh
36%
2.Bundesliga (77/78) Schwarz-Weiß Essen
36%
2.Bundesliga (09/10) Rot Weiss Ahlen
34%
3.Liga (18/19) Sportfreunde Lotte
29%
2.Bundesliga (78/79) Westfalia Herne
24%
2.Bundesliga (92/93) FC Remscheid
23%
2.Bundesliga (80/81) 1. FC Bocholt
22%
2.Bundesliga (88/89) SG Union Solingen
18%
2.Bundesliga (80/81) Rot-Weiß Lüdenscheid
12%
2.Bundesliga (79/80) DSC Wanne-Eickel
11%
2.Bundesliga (80/81) SC Herford
11%
2.Bundesliga (80/81) SpVgg Erkenschwick
10%
2.Bundesliga (75/76) 1. FC Mülheim
8%
Keine übereinstimmenden Quizze gefunden
Verteilung der Resultate
Anzahl Personen mit jedem Resultat
Perzentil nach korrekt beantworteten Fragen
Ihre Resultats-Entwicklung
Sie haben dieses Quiz seit der letzten Aktualisierung nicht gespielt